000 00562nam a2200205 a 4500
001 82848
003 BD-RjUL
005 20240129152402.0
008 240129s1951 enk 000 0 eng
035 _a(BD-RjUL)82848
040 _aNNL
_cFU
_dNcGU
_dUk
_dDLC
_dBD-RjUL
_beng
041 _aeng
082 _223
_a822.91
_bMAS 1951
100 1 _aMacCarthy, Desmond,
_d1877-1952
_911239
245 1 0 _aShaw /
_cDesmond MacCarthy
260 _aLondon :
_bMacGibbon & Kee,
_c1951.
300 _aix, 217p ;
_c23cm.
600 1 4 _aShaw, Bernard,
_d1856-1950
942 _2ddc
_cBK
999 _c82848
_d82848